000 00265nam a22000977a 4500
999 _c3380
_d3380
008 160924b xxu||||| |||| 00| 0 eng d
020 _a9788189932886
100 _9723
_aSeth.C.K.etal
245 _aVision Inlet Eductaion-8
260 _aNew Delhi
_bPrachi Publications
_c2012